书目信息 |
| 题名: |
新手学五笔打字+Word办公从入门到精通
|
|
| 作者: | ;龙马高新教育 编著 | |
| 分册: | ||
| 出版信息: | 北京 北京大学出版社 2017.01 |
|
| 页数: | 370页, [2] 页图版 | |
| 开本: | 26cm | |
| 丛书名: | ||
| 单 册: | ||
| 中图分类: | TP391.1 , TP391.12 | |
| 科图分类: | ||
| 主题词: | 五笔字型输入法--wu bi zi xing shu ru fa--基本知识 , 汉字处理软件系统--han zi chu li ruan jian xi tong--基本知识 | |
| 电子资源: | ||
| ISBN: | 978-7-301-27889-5 | |
| 000 | 01248nam0 2200277 450 | |
| 001 | CAL 0120172110859 | |
| 005 | 20171211154904.89 | |
| 010 | @a978-7-301-27889-5@b@dCNY59.00 (含光盘 ; 手册) | |
| 010 | @a978-7-89441-169-3@b光盘@d | |
| 100 | @a20170227d2017 em y0chiy50 ea | |
| 101 | 0 | @achi |
| 102 | @aCN@b110000 | |
| 105 | @aafk z 000yy | |
| 106 | @ar | |
| 200 | 1 | @a新手学五笔打字+Word办公从入门到精通@Axin shou xue wu bi da zi +Word ban gong cong ru men dao jing tong@f龙马高新教育编著@g |
| 210 | @a北京@c北京大学出版社@d2017.01 | |
| 215 | @a370页, [2] 页图版@c图@d26cm@e光盘1片@e手册1册 (62页 ; 15cm) | |
| 330 | @a本书是指导初学者学习五笔打字和Word办公软件的入门书籍。内容包括五笔打字的前期准备、基本知识和输入方法、Word、Excel和PowerPoint三大办公软件的基础知识和高级应用、如何搭建电脑办公平台、实现网络办公和资源共享、收发电子邮件、常见辅助办公软件及常用办公设备的使用等内容。 | |
| 606 | 0 | @a五笔字型输入法@Awu bi zi xing shu ru fa@x基本知识 |
| 606 | 0 | @a汉字处理软件系统@Ahan zi chu li ruan jian xi tong@x基本知识 |
| 690 | @aTP391.1@v5 | |
| 690 | @aTP391.12@v5 | |
| 711 | 02 | @a龙马高新教育@Along ma gao xin jiao yu@4编著 |
| 801 | 0 | @aCN@b人天书店@c20170227@g |
| 905 | @aBZT@dTP391.1@e5 | |
| 906 | @dCNY59.00 (含光盘@n3@r1 | |
| 新手学五笔打字+Word办公从入门到精通/龙马高新教育编著.-北京:北京大学出版社,2017.01 |
| 370页, [2] 页图版:图;26cm+光盘1片+手册1册 (62页 ; 15cm) |
| ISBN 978-7-301-27889-5:CNY59.00 (含光盘 ; 手册) |
| 本书是指导初学者学习五笔打字和Word办公软件的入门书籍。内容包括五笔打字的前期准备、基本知识和输入方法、Word、Excel和PowerPoint三大办公软件的基础知识和高级应用、如何搭建电脑办公平台、实现网络办公和资源共享、收发电子邮件、常见辅助办公软件及常用办公设备的使用等内容。 |
| ● |
| 相关链接 |
|
|
|
正题名:新手学五笔打字+Word办公从入门到精通
索取号:TP391.1/5
 
预约/预借
| 序号 | 登录号 | 条形码 | 馆藏地/架位号 | 状态 | 备注 |
| 1 | 838845 | 2000838845 | 第二书库/ [索取号:TP391.1/5] | 在馆 | |
| 2 | 838846 | 2000838846 | 第二书库/ [索取号:TP391.1/5] | 在馆 | |
| 3 | 838847 | 2000838847 | 第二书库/ [索取号:TP391.1/5] | 在馆 |